[Event "37th Reykjavik op"]
[Site "Reykjavik ISL"]
[Date "2024.03.16"]
[Round "3.24"]
[White "Barthel, Ansgar"]
[Black "Winnubst, Paul"]
[WhiteElo "2073"]
[BlackElo "1681"]
[Result "1-0"]
[EventDate "2024.03.15"]
[PlyCount "113"]

1. e4 { [%eval 0.13] [%clk 1:30:57] } 1... c5 { [%eval 0.33] [%clk 1:30:50] } 2. Nf3 { [%eval 0.22] [%clk 1:31:20] } 2... e6 { [%eval 0.41] [%clk 1:31:15] } 3. d4 { [%eval 0.42] [%clk 1:31:45] } 3... cxd4 { [%eval 0.26] } 4. Nxd4 { [%eval 0.4] [%clk 1:32:11] } 4... Nf6 { [%eval 0.4] [%clk 1:32:06] } 5. Nc3 { [%eval 0.32] [%clk 1:32:35] } 5... Nc6 { [%eval 0.43] [%clk 1:32:33] } 6. Ndb5 { [%eval 0.2] [%clk 1:32:59] } 6... d6 { [%eval 0.21] [%clk 1:32:58] } 7. Bf4 { [%eval 0.25] [%clk 1:33:20] } 7... e5 { [%eval 0.3] [%clk 1:33:26] } 8. Bg5 { [%eval 0.28] [%clk 1:33:44] } 8... a6 { [%eval 0.28] [%clk 1:33:54] } 9. Na3 { [%eval 0.29] [%clk 1:34:09] } 9... b5 { [%eval 0.35] [%clk 1:34:22] } 10. Bxf6 { [%eval 0.16] [%clk 1:34:34] } 10... gxf6 { [%eval 0.21] [%clk 1:34:48] } 11. Nd5 { [%eval 0.21] [%clk 1:34:58] } 11... Be6?! { [%eval 1.19] } { Inaccuracy. f5 was best. } { [%clk 1:32:33] } (11... f5) 12. c3 { [%eval 1.23] [%clk 1:35:09] } 12... Bg7 { [%eval 1.25] [%clk 1:29:08] } 13. Nc2 { [%eval 1.31] [%clk 1:35:30] } 13... O-O { [%eval 1.64] [%clk 1:29:29] } 14. Nce3 { [%eval 1.73] [%clk 1:30:11] } 14... Rc8 { [%eval 2.14] [%clk 1:18:30] } 15. a4?! { [%eval 1.36] } { Inaccuracy. Bd3 was best. } { [%clk 1:28:52] } (15. Bd3 f5 16. Nxf5 Bxf5 17. exf5 Ne7 18. Be4 Nxd5 19. Bxd5 Qg5 20. Qd3 e4 21. Bxe4 b4) 15... Rb8?! { [%eval 2.27] } { Inaccuracy. Bxd5 was best. } { [%clk 1:15:01] } (15... Bxd5 16. exd5 Ne7 17. axb5 axb5 18. Bd3 f5 19. Nxf5 Nxf5 20. Bxf5 Rc4 21. O-O Qg5 22. Qc2) 16. axb5 { [%eval 2.17] } 16... axb5 { [%eval 2.34] [%clk 1:15:21] } 17. Ra6?! { [%eval 1.36] } { Inaccuracy. Bd3 was best. } { [%clk 1:26:23] } (17. Bd3 b4 18. Ra6 Ne7 19. Nxb4 Bh6 20. O-O Bxe3 21. fxe3 Rb6 22. Ra1 Kh8 23. Qf3 Ng8) 17... Bxd5 { [%eval 1.19] [%clk 1:10:27] } 18. Nxd5 { [%eval 1.31] [%clk 1:07:17] } 18... Ne7 { [%eval 1.35] [%clk 1:10:41] } 19. Nxf6+?! { [%eval 0.44] } { Inaccuracy. Be2 was best. } { [%clk 0:58:03] } (19. Be2 f5 20. exf5 Nxf5 21. O-O Ne7 22. Qd3 b4 23. Nxb4 d5 24. Rd1 Kh8 25. g3 e4) 19... Bxf6 { [%eval 0.52] [%clk 1:08:55] } 20. Rxd6 { [%eval 0.54] [%clk 0:58:28] } 20... Qa5 { [%eval 0.49] [%clk 1:04:33] } 21. Rxf6 { [%eval 0.49] [%clk 0:58:46] } 21... b4 { [%eval 0.45] [%clk 1:00:29] } 22. Ra6 { [%eval 0.44] [%clk 0:56:17] } 22... Qc5 { [%eval 0.55] [%clk 0:59:39] } 23. Qd6 { [%eval 0.34] [%clk 0:54:00] } 23... Qxd6 { [%eval 0.34] [%clk 0:50:30] } 24. Rxd6 { [%eval 0.34] [%clk 0:54:23] } 24... Rfc8?! { [%eval 1.14] } { Inaccuracy. bxc3 was best. } { [%clk 0:45:24] } (24... bxc3) 25. Ba6 { [%eval 0.8] [%clk 0:29:16] } 25... Rc7? { [%eval 2.06] } { Mistake. bxc3 was best. } { [%clk 0:40:44] } (25... bxc3 26. Bxc8 cxb2 27. Ke2 b1=Q 28. Rxb1 Rxb1 29. Bg4 Rb2+ 30. Ke3 Rb3+ 31. Rd3 Rb6 32. Rc3) 26. O-O? { [%eval 0.41] } { Mistake. c4 was best. } { [%clk 0:23:22] } (26. c4) 26... bxc3 { [%eval 0.37] [%clk 0:40:29] } 27. bxc3 { [%eval 0.46] [%clk 0:23:46] } 27... Rxc3 { [%eval 0.4] [%clk 0:39:07] } 28. Rfd1 { [%eval 0.19] [%clk 0:22:26] } 28... Rb2 { [%eval 0.3] [%clk 0:35:34] } 29. R6d2 { [%eval 0.31] [%clk 0:14:22] } 29... Rb4 { [%eval 0.32] [%clk 0:30:10] } 30. f3 { [%eval 0.19] [%clk 0:13:47] } 30... Ng6 { [%eval 0.18] [%clk 0:29:34] } 31. Bf1 { [%eval 0.05] [%clk 0:11:52] } 31... Kg7 { [%eval 0.15] [%clk 0:27:35] } 32. Ra1 { [%eval 0.06] [%clk 0:11:51] } 32... Rcb3 { [%eval 0.23] [%clk 0:23:30] } 33. Ra7 { [%eval 0.23] [%clk 0:10:10] } 33... Rb7 { [%eval 0.37] [%clk 0:23:16] } 34. Rd7 { [%eval 0.09] [%clk 0:10:20] } 34... Rxd7 { [%eval 0.13] [%clk 0:23:03] } 35. Rxd7 { [%eval 0.14] [%clk 0:10:44] } 35... Rb1 { [%eval 0.11] [%clk 0:23:02] } 36. g3 { [%eval 0.14] [%clk 0:10:41] } 36... h6 { [%eval 0.41] [%clk 0:18:22] } 37. h4 { [%eval 0.2] [%clk 0:08:15] } 37... Nf8 { [%eval 0.24] [%clk 0:16:11] } 38. Rd5 { [%eval 0.25] [%clk 0:07:53] } 38... f6?! { [%eval 0.86] } { Inaccuracy. Kf6 was best. } { [%clk 0:14:53] } (38... Kf6 39. Kf2 Ne6 40. f4 exf4 41. gxf4 Rc1 42. Bd3 Ke7 43. Kf3 Rd1 44. Bc4 Rxd5 45. Bxd5) 39. Rd6 { [%eval 0.63] [%clk 0:04:37] } 39... Rc1 { [%eval 0.89] [%clk 0:12:48] } 40. Kf2 { [%eval 0.62] [%clk 0:04:04] } 40... Rc2+ { [%eval 0.74] [%clk 0:11:28] } 41. Ke3 { [%eval 0.67] [%clk 0:02:58] } 41... Rc1 { [%eval 0.92] [%clk 0:11:47] } 42. Be2?! { [%eval 0.25] } { Inaccuracy. Bh3 was best. } { [%clk 0:01:30] } (42. Bh3 h5 43. Bf5 Rc3+ 44. Ke2 Rc2+ 45. Kd3 Rg2 46. Ke3 Ra2 47. g4 Rh2 48. gxh5 Rxh4) 42... Rg1?! { [%eval 0.88] } { Inaccuracy. Kf7 was best. } { [%clk 0:11:16] } (42... Kf7 43. Rd3) 43. Kf2 { [%eval 0.86] [%clk 0:01:20] } 43... Rc1 { [%eval 0.89] [%clk 0:11:16] } 44. Ra6 { [%eval 0.95] [%clk 0:01:00] } 44... Rc7 { [%eval 0.95] [%clk 0:09:38] } 45. Bb5 { [%eval 0.94] [%clk 0:24:20] } 45... Ng6 { [%eval 1.43] [%clk 0:38:53] } 46. Rd6 { [%eval 1.14] [%clk 0:22:26] } 46... Nf8 { [%eval 1.4] [%clk 0:32:20] } 47. Be8 { [%eval 1.0] [%clk 0:21:55] } 47... Rc2+ { [%eval 1.01] [%clk 0:32:09] } 48. Kf1 { [%eval 1.06] [%clk 0:22:14] } 48... Rc3 { [%eval 1.24] [%clk 0:31:07] } 49. Kg2 { [%eval 1.09] [%clk 0:22:37] } 49... Rc2+?! { [%eval 2.05] } { Inaccuracy. Rc7 was best. } { [%clk 0:30:45] } (49... Rc7 50. Bh5 Nd7 51. Bg4 Nb8 52. f4 exf4 53. gxf4 Nc6 54. h5 Ne7 55. Be2 Nc8 56. Rd8) 50. Kh3 { [%eval 2.11] [%clk 0:22:58] } 50... Rc3? { [%eval 4.25] } { Mistake. Rc7 was best. } { [%clk 0:27:48] } (50... Rc7 51. Bh5 Rd7 52. Ra6 Re7 53. Bg4 Ng6 54. h5 Nf8 55. Bf5 Rc7 56. Kg4 Kf7 57. Rd6) 51. Kg4 { [%eval 4.26] [%clk 0:23:20] } 51... Re3 { [%eval 4.25] [%clk 0:23:31] } 52. Ra6 { [%eval 4.05] [%clk 0:22:48] } 52... Re1 { [%eval 4.87] [%clk 0:22:32] } 53. Ra7+ { [%eval 4.86] [%clk 0:21:57] } 53... Kg8 { [%eval 5.35] [%clk 0:22:56] } 54. Bf7+ { [%eval 5.35] [%clk 0:16:19] } 54... Kh8 { [%eval 5.17] [%clk 0:21:34] } 55. Kh5 { [%eval 4.97] [%clk 0:11:07] } 55... Rg1? { [%eval 11.94] } { Mistake. Rb1 was best. } { [%clk 0:19:49] } (55... Rb1 56. Bd5 Rb6 57. Rf7 Nh7 58. Kg6 f5+ 59. Kxf5 Ra6 60. Kxe5 Rg6 61. g4 h5 62. Kf5) 56. Kxh6 { [%eval 10.76] [%clk 0:11:21] } 56... Rxg3 { [%eval 10.09] [%clk 0:20:00] } 57. Ra8 { [%eval 9.56] [%clk 0:11:44] } 1-0

[Event "37th Reykjavik op"]
[Site "Reykjavik ISL"]
[Date "2024.03.16"]
[Round "3.25"]
[White "Ptacnikova, Lenka"]
[Black "M Parulekar, Atharva"]
[WhiteElo "2067"]
[BlackElo "1580"]
[Result "1-0"]
[EventDate "2024.03.15"]
[PlyCount "71"]

1. d4 { [%eval 0.15] [%clk 1:30:53] } 1... d5 { [%eval 0.25] [%clk 1:30:45] } 2. Nc3 { [%eval -0.04] [%clk 1:31:15] } 2... Nf6 { [%eval -0.03] [%clk 1:31:01] } 3. Bf4 { [%eval 0.0] [%clk 1:31:40] } 3... c5 { [%eval 0.0] [%clk 1:25:59] } 4. e3 { [%eval 0.0] [%clk 1:31:47] } 4... cxd4 { [%eval 0.0] [%clk 1:24:29] } 5. exd4 { [%eval 0.0] [%clk 1:32:12] } 5... a6 { [%eval 0.05] [%clk 1:23:49] } 6. Nf3 { [%eval 0.02] [%clk 1:19:57] } 6... Bg4 { [%eval 0.23] [%clk 1:19:26] } 7. h3 { [%eval 0.23] [%clk 1:20:11] } 7... Bh5?! { [%eval 0.93] } { Inaccuracy. Bxf3 was best. } { [%clk 1:19:50] } (7... Bxf3 8. Qxf3 Nc6 9. O-O-O e6 10. g4 Bd6 11. h4 Bxf4+ 12. Qxf4) 8. g4 { [%eval 0.96] [%clk 1:20:11] } 8... Bg6 { [%eval 1.26] [%clk 1:20:04] } 9. Ne5 { [%eval 0.83] [%clk 1:20:21] } 9... e6 { [%eval 0.95] [%clk 0:59:07] } 10. h4 { [%eval 1.1] [%clk 1:17:09] } 10... h6?! { [%eval 1.85] } { Inaccuracy. Ne4 was best. } { [%clk 0:55:49] } (10... Ne4 11. Rh3) 11. Nxg6 { [%eval 1.82] [%clk 1:15:18] } 11... fxg6 { [%eval 1.93] [%clk 0:56:17] } 12. Qd3 { [%eval 1.73] [%clk 1:01:03] } 12... Kf7 { [%eval 1.78] [%clk 0:48:57] } 13. O-O-O { [%eval 1.74] [%clk 0:51:54] } 13... Bb4 { [%eval 2.07] [%clk 0:42:53] } 14. Kb1 { [%eval 2.0] [%clk 0:46:43] } 14... Nbd7 { [%eval 2.17] [%clk 0:41:32] } 15. f3 { [%eval 2.05] [%clk 0:30:54] } 15... Rc8 { [%eval 2.18] [%clk 0:40:09] } 16. Ne2 { [%eval 2.1] [%clk 0:31:12] } 16... Nh7 { [%eval 2.64] [%clk 0:33:40] } 17. h5 { [%eval 2.67] [%clk 0:18:36] } 17... Ndf8 { [%eval 3.2] [%clk 0:22:50] } 18. Be5 { [%eval 2.95] [%clk 0:17:07] } 18... g5 { [%eval 3.44] [%clk 0:18:01] } 19. f4 { [%eval 3.53] [%clk 0:16:20] } 19... Be7 { [%eval 4.25] [%clk 0:15:44] } 20. Bg2 { [%eval 3.53] [%clk 0:15:52] } 20... Bf6?! { [%eval 5.4] } { Inaccuracy. gxf4 was best. } { [%clk 0:14:19] } (20... gxf4 21. Nxf4 Bf6 22. Rhf1 Qd7 23. Rde1 Kg8 24. Qb3 Rc4 25. c3 b5 26. Nd3 Be7 27. Qc2) 21. f5 { [%eval 5.36] [%clk 0:15:56] } 21... Qd7 { [%eval 5.77] [%clk 0:13:22] } 22. Nc3 { [%eval 5.67] [%clk 0:15:10] } 22... Rd8 { [%eval 6.17] [%clk 0:10:31] } 23. Rhf1 { [%eval 6.62] [%clk 0:14:57] } 23... Kg8 { [%eval 6.56] [%clk 0:09:10] } 24. Qf3 { [%eval 5.34] [%clk 0:13:37] } 24... Qc6 { [%eval 6.3] [%clk 0:05:59] } 25. fxe6 { [%eval 6.35] [%clk 0:12:14] } 25... Nxe6 { [%eval 6.43] [%clk 0:06:18] } 26. Nxd5 { [%eval 6.32] [%clk 0:12:06] } 26... Nf4 { [%eval 7.89] [%clk 0:05:53] } 27. Bxf4 { [%eval 8.17] [%clk 0:06:58] } 27... gxf4 { [%eval 8.4] [%clk 0:05:34] } 28. Ne7+ { [%eval 7.26] [%clk 0:07:06] } 28... Bxe7 { [%eval 7.46] [%clk 0:05:09] } 29. Qb3+ { [%eval 7.15] [%clk 0:07:31] } 29... Kf8 { [%eval 7.11] [%clk 0:05:28] } 30. Bxc6 { [%eval 7.23] [%clk 0:07:57] } 30... bxc6 { [%eval 7.24] [%clk 0:05:54] } 31. Rxf4+ { [%eval 7.06] [%clk 0:07:59] } 31... Nf6 { [%eval 7.15] [%clk 0:05:50] } 32. c3 { [%eval 7.33] [%clk 0:08:08] } 32... Bd6 { [%eval 7.42] [%clk 0:06:02] } 33. Rf5 { [%eval 7.29] [%clk 0:08:27] } 33... Rb8 { [%eval 8.47] [%clk 0:05:24] } 34. Qe6 { [%eval 7.75] [%clk 0:08:49] } 34... Be7 { [%eval 9.39] [%clk 0:05:33] } 35. Re1 { [%eval 9.02] [%clk 0:08:09] } 35... Re8 { [%eval 13.33] [%clk 0:05:52] } 36. Kc2 { [%eval 11.94] [%clk 0:07:59] } 1-0

[Event "37th Reykjavik op"]
[Site "Reykjavik ISL"]
[Date "2024.03.16"]
[Round "3.26"]
[White "Ivanchuk, Vasyl"]
[Black "Stelmaszyk, Nico"]
[WhiteElo "2625"]
[BlackElo "2347"]
[Result "1-0"]
[EventDate "2024.03.15"]
[PlyCount "157"]

1. d4 { [%eval 0.15] [%clk 1:30:58] } 1... d5 { [%eval 0.25] [%clk 1:30:54] } 2. c4 { [%eval 0.26] [%clk 1:31:25] } 2... dxc4 { [%eval 0.3] [%clk 1:31:18] } 3. e4 { [%eval 0.0] [%clk 1:31:42] } 3... b5 { [%eval 0.32] [%clk 1:31:39] } 4. a4 { [%eval 0.34] [%clk 1:32:03] } 4... c6 { [%eval 0.25] [%clk 1:32:04] } 5. Nc3 { [%eval 0.08] [%clk 1:32:30] } 5... b4 { [%eval 0.16] [%clk 1:30:24] } 6. Na2 { [%eval 0.0] [%clk 1:32:54] } 6... e6 { [%eval 0.25] [%clk 1:27:41] } 7. Bxc4 { [%eval 0.22] [%clk 1:33:11] } 7... Nf6 { [%eval 0.18] [%clk 1:25:06] } 8. f3 { [%eval -0.25] [%clk 1:32:54] } 8... c5 { [%eval -0.17] [%clk 1:21:06] } 9. Ne2 { [%eval -0.35] [%clk 1:29:18] } 9... Be7?! { [%eval 0.61] } { Inaccuracy. Ba6 was best. } { [%clk 1:12:08] } (9... Ba6 10. Bxa6) 10. Be3 { [%eval 0.46] [%clk 1:28:52] } 10... Ba6 { [%eval 0.86] [%clk 1:08:43] } 11. Bb5+ { [%eval 0.79] [%clk 1:20:32] } 11... Bxb5 { [%eval 0.96] [%clk 1:06:22] } 12. axb5 { [%eval 0.95] [%clk 1:17:07] } 12... Qb6 { [%eval 1.11] [%clk 1:05:07] } 13. dxc5 { [%eval 1.06] [%clk 1:08:03] } 13... Qxb5 { [%eval 1.16] [%clk 1:05:14] } 14. Nd4 { [%eval 0.98] [%clk 1:08:19] } 14... Qa5 { [%eval 1.28] [%clk 1:01:05] } 15. Nc3 { [%eval 1.18] [%clk 0:59:47] } 15... Qxc5 { [%eval 1.08] [%clk 1:00:28] } 16. Ncb5 { [%eval 1.31] [%clk 0:41:55] } 16... Qb6?! { [%eval 2.43] } { Inaccuracy. O-O was best. } { [%clk 0:54:38] } (16... O-O 17. Rc1 Qe5 18. Nc7 Nd5 19. Nxd5 exd5 20. Nf5 Bf6 21. Bd4 Qe6 22. Bxf6 gxf6 23. O-O) 17. Rc1 { [%eval 1.95] [%clk 0:27:37] } 17... O-O { [%eval 1.95] [%clk 0:54:30] } 18. Nc7 { [%eval 1.83] [%clk 0:27:39] } 18... Nbd7 { [%eval 1.85] [%clk 0:54:33] } 19. Nxa8 { [%eval 1.73] } 19... Rxa8 { [%eval 1.85] [%clk 0:54:55] } 20. Rc6 { [%eval 1.74] [%clk 0:16:06] } 20... Qb7 { [%eval 2.03] [%clk 0:52:35] } 21. Rc2?! { [%eval 1.37] } { Inaccuracy. Qa4 was best. } { [%clk 0:16:27] } (21. Qa4 Nb6 22. Qb5 Ne8 23. Nb3 Nd6 24. Na5 Nxb5 25. Nxb7 Na4 26. b3 Nac3 27. Kd2 h6) 21... Bc5 { [%eval 1.08] [%clk 0:49:10] } 22. Qe2 { [%eval 0.6] [%clk 0:09:57] } 22... Qb6 { [%eval 0.46] [%clk 0:48:18] } 23. Rd2 { [%eval 0.47] [%clk 0:10:21] } 23... a5 { [%eval 0.43] [%clk 0:46:29] } 24. Kf2 { [%eval -0.05] [%clk 0:10:41] } 24... a4 { [%eval 0.01] [%clk 0:44:49] } 25. Rc1 { [%eval -0.23] [%clk 0:10:16] } 25... h6 { [%eval 0.15] [%clk 0:42:44] } 26. Nc2?! { [%eval -0.44] } { Inaccuracy. g3 was best. } { [%clk 0:09:26] } (26. g3 Ne5) 26... a3?! { [%eval 0.6] } { Inaccuracy. Qc7 was best. } { [%clk 0:42:41] } (26... Qc7) 27. bxa3 { [%eval 0.53] [%clk 0:09:47] } 27... bxa3 { [%eval 0.5] [%clk 0:42:23] } 28. Ne1 { [%eval 0.02] [%clk 0:09:43] } 28... a2 { [%eval 0.01] [%clk 0:40:51] } 29. Ra1 { [%eval 0.0] [%clk 0:10:12] } 29... Ra3 { [%eval 0.14] [%clk 0:33:48] } 30. Bxc5 { [%eval 0.12] [%clk 0:10:00] } 30... Qxc5+ { [%eval 0.13] [%clk 0:34:13] } 31. Kf1 { [%eval 0.15] [%clk 0:10:21] } 31... Qe5 { [%eval 0.22] [%clk 0:33:21] } 32. Rdxa2 { [%eval 0.14] [%clk 0:09:04] } 32... Rxa2 { [%eval 0.11] [%clk 0:33:32] } 33. Rxa2 { [%eval 0.0] [%clk 0:09:33] } 33... Qxh2 { [%eval 0.0] [%clk 0:33:52] } 34. Nd3 { [%eval 0.0] [%clk 0:09:48] } 34... Ne5 { [%eval 0.03] [%clk 0:25:36] } 35. Nxe5 { [%eval 0.04] [%clk 0:09:40] } 35... Qxe5 { [%eval 0.0] [%clk 0:25:07] } 36. Qb2 { [%eval 0.07] [%clk 0:04:52] } 36... Qf4 { [%eval 0.01] [%clk 0:18:57] } 37. Qd2 { [%eval 0.0] [%clk 0:04:07] } 37... Qc7 { [%eval 0.01] [%clk 0:17:49] } 38. Kg1 { [%eval 0.0] [%clk 0:04:05] } 38... Qc5+ { [%eval 0.05] [%clk 0:17:33] } 39. Qf2 { [%eval 0.05] [%clk 0:04:06] } 39... Qc1+ { [%eval 0.03] [%clk 0:17:19] } 40. Kh2 { [%eval 0.02] [%clk 0:04:33] } 40... g6 { [%eval 0.03] [%clk 0:08:37] } 41. g3 { [%eval 0.05] [%clk 0:02:15] } 41... Kg7 { [%eval 0.05] [%clk 0:05:19] } 42. Kg2 { [%eval 0.0] [%clk 0:30:20] } 42... Qg5 { [%eval 0.0] [%clk 0:33:53] } 43. Qd2 { [%eval 0.01] [%clk 0:30:29] } 43... Qe5 { [%eval 0.03] [%clk 0:31:33] } 44. Ra5 { [%eval 0.05] [%clk 0:30:22] } 44... Qc7 { [%eval 0.0] [%clk 0:30:08] } 45. Rb5 { [%eval 0.0] [%clk 0:30:47] } 45... Nh5 { [%eval 0.31] [%clk 0:28:25] } 46. e5 { [%eval 0.44] [%clk 0:23:58] } 46... g5 { [%eval 0.42] [%clk 0:25:12] } 47. Qd3 { [%eval 0.28] [%clk 0:23:19] } 47... Qc6 { [%eval 0.33] [%clk 0:24:09] } 48. Kh2 { [%eval 0.32] [%clk 0:20:00] } 48... Qa6 { [%eval 0.29] [%clk 0:21:50] } 49. Qe2 { [%eval 0.34] [%clk 0:19:08] } 49... Qa3 { [%eval 0.35] [%clk 0:19:59] } 50. Qf2 { [%eval 0.2] [%clk 0:18:12] } 50... Qd3 { [%eval 0.22] [%clk 0:17:51] } 51. Rb4 { [%eval 0.19] [%clk 0:18:02] } 51... Kg6 { [%eval 0.26] [%clk 0:17:18] } 52. Rb2 { [%eval 0.29] [%clk 0:17:34] } 52... Ng7 { [%eval 0.52] [%clk 0:14:57] } 53. g4 { [%eval 0.48] [%clk 0:17:25] } 53... h5 { [%eval 0.38] [%clk 0:14:50] } 54. Qc2 { [%eval 0.21] [%clk 0:17:35] } 54... Qxc2+ { [%eval 0.11] [%clk 0:15:01] } 55. Rxc2 { [%eval 0.11] [%clk 0:18:04] } 55... f6 { [%eval 0.14] [%clk 0:14:03] } 56. exf6 { [%eval 0.29] [%clk 0:18:21] } 56... Kxf6 { [%eval 0.31] [%clk 0:14:29] } 57. Kg3 { [%eval 0.13] [%clk 0:18:41] } 57... h4+?? { [%eval 2.64] } { Blunder. hxg4 was best. } { [%clk 0:13:53] } (57... hxg4) 58. Kf2 { [%eval 2.63] [%clk 0:19:00] } 58... Ne8 { [%eval 2.75] [%clk 0:13:58] } 59. Rc6 { [%eval 2.53] [%clk 0:18:23] } 59... Ke5 { [%eval 3.03] [%clk 0:12:19] } 60. Rc5+ { [%eval 2.5] [%clk 0:18:48] } 60... Kf4 { [%eval 3.02] [%clk 0:12:23] } 61. Rc4+ { [%eval 2.67] [%clk 0:18:28] } 61... Ke5 { [%eval 2.78] [%clk 0:12:47] } 62. f4+ { [%eval 2.63] [%clk 0:18:38] } 62... gxf4 { [%eval 2.41] [%clk 0:12:41] } 63. Kf3 { [%eval 1.95] [%clk 0:19:07] } 63... Kf6? { [%eval 3.39] } { Mistake. Nf6 was best. } { [%clk 0:09:43] } (63... Nf6 64. Rxf4 Nh7 65. Re4+ Kf6 66. Kg2 Ng5 67. Re1 Kg6 68. Rf1 Kg7 69. Rh1 h3+ 70. Kg3) 64. Rxf4+ { [%eval 3.1] [%clk 0:18:47] } 64... Kg5 { [%eval 3.67] [%clk 0:10:04] } 65. Re4 { [%eval 3.49] [%clk 0:10:40] } 65... Kf6 { [%eval 3.4] [%clk 0:09:33] } 66. Kg2 { [%eval 3.4] [%clk 0:05:07] } 66... Kg5 { [%eval 3.21] [%clk 0:08:58] } 67. Kf3 { [%eval 3.69] [%clk 0:05:12] } 67... Kf6 { [%eval 3.79] [%clk 0:09:26] } 68. Kf4 { [%eval 3.73] [%clk 0:05:37] } 68... Ng7 { [%eval 3.48] [%clk 0:07:16] } 69. Re5 { [%eval 3.36] [%clk 0:05:03] } 69... Kg6 { [%eval 4.01] [%clk 0:07:07] } 70. Ra5 { [%eval 3.25] [%clk 0:03:51] } 70... Kh6?! { [%eval 4.43] } { Inaccuracy. Ne8 was best. } { [%clk 0:07:09] } (70... Ne8 71. Rg5+ Kf7 72. Re5 Nd6 73. Kg5 h3 74. Re2 e5 75. Kh4 Ke6 76. Kxh3 Nb5 77. Rb2) 71. Kf3 { [%eval 4.3] [%clk 0:03:08] } 71... Kg6 { [%eval 3.87] [%clk 0:04:02] } 72. Kg2 { [%eval 4.82] [%clk 0:03:31] } 72... Kf6 { [%eval 4.88] [%clk 0:04:03] } 73. Kh3 { [%eval 4.88] [%clk 0:03:54] } 73... e5 { [%eval 4.88] [%clk 0:04:26] } 74. Kxh4 { [%eval 4.31] [%clk 0:04:17] } 74... Ne6 { [%eval 4.85] [%clk 0:04:50] } 75. Ra6 { [%eval 4.49] [%clk 0:03:05] } 75... e4 { [%eval 5.06] [%clk 0:05:12] } 76. Kg3 { [%eval 5.02] [%clk 0:02:46] } 76... Ke5 { [%eval 4.83] [%clk 0:05:36] } 77. Ra5+ { [%eval 4.35] [%clk 0:03:11] } 77... Kd4 { [%eval 4.28] [%clk 0:05:54] } 78. g5 { [%eval 4.58] [%clk 0:01:59] } 78... e3 { [%eval 4.78] [%clk 0:06:17] } 79. g6 { [%eval 4.78] [%clk 0:02:27] } 1-0

[Event "37th Reykjavik op"]
[Site "Reykjavik ISL"]
[Date "2024.03.16"]
[Round "3.27"]
[White "Moussard, Jules"]
[Black "Ragnarsson, Dagur"]
[WhiteElo "2621"]
[BlackElo "2337"]
[Result "1-0"]
[EventDate "2024.03.15"]
[PlyCount "45"]

1. c4 { [%eval 0.16] [%clk 1:30:38] } 1... c6 { [%eval 0.26] [%clk 1:29:57] } 2. Nf3 { [%eval 0.25] [%clk 1:29:56] } 2... d5 { [%eval 0.37] [%clk 1:30:19] } 3. e3 { [%eval 0.27] [%clk 1:30:21] } 3... Nf6 { [%eval 0.13] [%clk 1:30:34] } 4. d4 { [%eval 0.24] [%clk 1:29:12] } 4... Bf5 { [%eval 0.29] [%clk 1:28:33] } 5. Nc3 { [%eval 0.27] [%clk 1:28:56] } 5... e6 { [%eval 0.24] [%clk 1:26:38] } 6. Nh4 { [%eval 0.28] [%clk 1:29:13] } 6... Bg6 { [%eval 0.25] [%clk 1:26:55] } 7. Be2 { [%eval 0.13] [%clk 1:23:56] } 7... Nbd7 { [%eval 0.33] [%clk 1:25:51] } 8. O-O { [%eval 0.25] [%clk 1:20:23] } 8... Bd6 { [%eval 0.28] [%clk 1:16:57] } 9. g3 { [%eval 0.22] [%clk 1:14:41] } 9... dxc4 { [%eval 0.24] [%clk 1:17:19] } 10. Nxg6 { [%eval 0.16] [%clk 1:08:04] } 10... hxg6 { [%eval 0.22] [%clk 1:17:41] } 11. Bxc4 { [%eval 0.18] [%clk 1:08:07] } 11... Qa5 { [%eval 0.51] [%clk 1:16:23] } 12. e4 { [%eval 0.69] [%clk 0:56:42] } 12... b5 { [%eval 0.72] [%clk 1:13:21] } 13. Bd3 { [%eval 0.6] [%clk 0:55:24] } 13... b4?! { [%eval 1.21] } { Inaccuracy. e5 was best. } { [%clk 1:11:12] } (13... e5 14. d5 cxd5 15. Nxb5 Bc5 16. Bd2 Qb6 17. b4 a6 18. bxc5 Nxc5 19. Rb1 Nxd3 20. Be3) 14. Nb1 { [%eval 1.19] [%clk 0:52:23] } 14... e5 { [%eval 1.14] [%clk 1:08:19] } 15. Nd2 { [%eval 1.28] [%clk 0:51:59] } 15... exd4 { [%eval 1.13] [%clk 1:04:15] } 16. Nc4 { [%eval 1.17] [%clk 0:52:11] } 16... Qc5 { [%eval 1.25] [%clk 0:58:18] } 17. Bd2 { [%eval 1.13] [%clk 0:48:35] } 17... Be7?! { [%eval 1.76] } { Inaccuracy. O-O was best. } { [%clk 0:55:53] } (17... O-O 18. Rc1) 18. Re1 { [%eval 1.68] [%clk 0:43:56] } 18... Ne5?! { [%eval 2.75] } { Inaccuracy. Qh5 was best. } { [%clk 0:42:16] } (18... Qh5 19. Qxh5 gxh5 20. e5 Nd5 21. Rac1 O-O 22. Bf5 N7b6 23. Nd6 g6 24. Bh3 Na4 25. Bg2) 19. Bxb4 { [%eval 2.7] [%clk 0:42:41] } 19... Qxb4 { [%eval 2.77] [%clk 0:42:24] } 20. Nxe5 { [%eval 2.67] [%clk 0:42:41] } 20... Qc5 { [%eval 2.66] [%clk 0:23:05] } 21. Qa4 { [%eval 2.61] [%clk 0:37:58] } 21... Kf8 { [%eval 2.52] [%clk 0:18:50] } 22. f4 { [%eval 2.59] [%clk 0:35:29] } 22... Rc8? { [%eval 5.0] } { Mistake. Rh5 was best. } { [%clk 0:17:02] } (22... Rh5 23. Rec1 Rxe5 24. Rxc5 Rxc5 25. Qd1 Rb8 26. Rc1 Nd7 27. Bc4 Rxb2 28. Qxd4 Rb7 29. Rc3) 23. Qb3 { [%eval 4.64] [%clk 0:35:31] } 1-0